MARC

LEADER 00000nam0a2200000 4500
001 356377
005 20240321105703.0
035 |a (RuTPU)RU\TPU\retro\13637 
090 |a 356377 
100 |a 20200720d1928 km|y0rusy50 ca 
101 0 |a rus 
102 |a RU 
105 |a y z 000yy 
181 0 |a i   |b  e  
182 0 |a n 
183 0 |a nc  |2 RDAcarrier 
200 1 |a Об оппозиции  |e статьи и речи 1921-1927 гг.  |f И. Сталин 
203 |a Текст  |b визуальный  |c непосредственный 
210 |a Москва  |a Ленинград  |c Государственное изд-во  |d 1928 
215 |a 750 с. 
283 |a volume  |2 RDAcarrier 
606 1 |a Деятели КПСС  |x Произведения  |x После октябрьский период  |2 stltpush  |3 (RuTPU)RU\TPU\subj\9408  |9 36664 
606 1 |a Сталинизм  |x История  |9 82100 
610 1 |a политические деятели 
610 1 |a государственные деятели 
610 1 |a статьи 
610 1 |a речи 
610 1 |a оппозиция 
610 1 |a оппозиционные партии 
610 1 |a пленумы 
610 1 |a ВКПб 
610 1 |a ленинизм 
610 1 |a Октябрьская революция 1917 
610 1 |a социал-демократизм 
610 1 |a троцкизм 
686 |a Ф61(2)27,012  |2 rubbk 
686 |a Т3(2)6-3  |2 rubbk 
700 1 |a Сталин  |b И. В.  |c российский политический и государственный деятель  |c Генеральный секретарь ЦК КПСС  |c настоящая фамилия Джугашвилли  |c псевдоним Коба  |f 1878-1953  |g Иосиф Виссарионович  |3 (RuTPU)RU\TPU\pers\1058  |9 477 
801 1 |a RU  |b 63413507  |c 20200720 
801 2 |a RU  |b 63413507  |c 20200727  |g RCR 
942 |c BK